000 01081nam a2200253Ia 4500
003 OSt
005 20220923211259.0
006 a|||||r|||| 00| 0
007 ta
008 220922b |||||||| |||| 00| 0 hin d
020 _a9788179171103 (hbk)
_c575
024 _a245,612
037 _b379, 11/02/2011, Swaraj Prakashan
_cTextual
040 _aARTS
_cARTS
_bhin
041 _2hin
_ahin
082 _aV2:3(Q).N5, 152P8
100 _aहसन, मुशीरूल; प्रधान, गोपाल, अनु.
_9160139
245 0 _aभारत में राष्ट्रवाद और सांप्रदायिक राजनीति
_b 1885 - 193
246 _aBhārat mean rāṣhṭravād aur sāanpradāyik rājanīti: 1885 - 1930
260 _aदिल्ली
_b गं्रथ शिल्पी
_c2008
300 _a336पृ.
_ccm.
942 _hV2:3(Q).N5, 152P8
_cTEXL
_2CC
999 _c298096
_d298096